| 000 | 00409nam a2200157Ia 4500 | ||
|---|---|---|---|
| 008 | 230917s9999||||xx |||||||||||||| ||und|| | ||
| 040 |
_e76582 _aMAIN |
||
| 041 | _aEnglish | ||
| 082 | _a658.4092 M178T | ||
| 100 | _aMcGrath, E H | ||
| 245 | 0 | _aTtaining for life and leadership in industry | |
| 250 | _a4th ed. | ||
| 260 |
_aNew Delhi _bPrentice-Hall of India _c1997 |
||
| 300 | _avi, 432 p. | ||
| 942 | _cBK | ||
| 999 |
_c101331 _d101331 |
||